000 00567nam a2200169Ia 4500
008 090711s9999 xx 000 0 und d
082 _b587
100 _aकुळकर्णी विनायक
245 _aघरासाठी कर्ज
260 _bजयहिंद प्रकाशन
_c1998
300 _a112
600 _aकुळकर्णी विनायक
630 _aघरासाठी कर्ज
700 _aकुळकर्णी विनायक
730 _aघरासाठी कर्ज
942 _cBOOK
999 _c332982
_d332982